| 000 | 01083pam a2200313 a 4500 | ||
|---|---|---|---|
| 001 | 1999192 | ||
| 003 | NUST - PNEC | ||
| 005 | 20170116181147.0 | ||
| 008 | 900813s1991 mauaf b 001 0beng | ||
| 010 | _a 90046379 | ||
| 020 | _a0316308935 | ||
| 040 | _cLIBRARY | ||
| 043 | _anwcu--- | ||
| 050 | 0 | 0 |
_aF1788.22.C3 _bG48 1991 |
| 082 | 0 | 0 |
_a972.91064 GEY _a _2 |
| 100 | 1 |
_aGeyer, Georgie Anne, _d1935- |
|
| 245 | 1 | 0 |
_aGuerrilla prince : _bthe untold story of Fidel Castro / _cGeorgie Anne Geyer. |
| 250 | _a1st ed. | ||
| 260 |
_aBoston : _bLittle, Brown, _cc.1991 |
||
| 300 |
_axvii, 445 p., [8] p. of plates : _bill. ; _c24 cm. |
||
| 504 | _aIncludes bibliographical references (p. 417-431) and index. | ||
| 600 | 1 | 0 |
_aCastro, Fidel, _d1926- _xPsychology. |
| 650 | 0 |
_aHeads of state _zCuba _vBiography. |
|
| 651 | 0 |
_aCuba _xHistory _y1933-1959. |
|
| 651 | 0 |
_aCuba _xHistory _y1959-1990. |
|
| 906 |
_a7 _bcbc _corignew _d1 _eocip _f19 _gy-gencatlg |
||
| 942 |
_2ddc _cBK |
||
| 999 |
_c70766 _d70766 |
||